000
00267nam a22001097a 4500
082
_a
515.33 RAI'E
100
_a
BEDIENT, P.E RAINVILLE, E.D
_9
74997
245
_a
ELEMENTARY DIFFRENTIAL EQUATIONS
260
_a
NEWYORK
_b
MACMILLAN
_c
1964
300
_a
466P
942
_c
BK
999
_c
580494
_d
580494